00502nam a2200157Ia 4500008004100000040001600041041001200057082001600069100001900085245003900104260003100143300001100174942000700185952013300192999001900325230917s9999||||xx |||||||||||||| ||und|| e38793aMAIN aEnglish a822.09 B56P aBlack, Michael 0aPoetic drama ab Mirror of the Will aLondonbVision Pressc1977 a203 p. cBK 0010406822_090000000000000_B56P709358160aMAINbMAINd2002-08-29l0o822.09 B56Pp90523r2023-09-17 22:11:06w2023-09-17yBK c223986d223986